| 000 | 00829nam a2200217 a 4500 | ||
|---|---|---|---|
| 008 | 200821s2019 ||||||||||||||||| || u | ||
| 020 | _a9781337619769 | ||
| 050 | _aHF 5681 .W3 Bie | ||
| 100 | _aBieg, Bernard J | ||
| 245 | 1 | 0 |
_aPayroll accounting (2019 edition) _cBy Bernad J. Bieg; Judith A. Toland |
| 250 | _a2019 edition | ||
| 260 |
_aBoston _bCengage Learning _c2019 |
||
| 300 | _axvi, 244 : illustrations | ||
| 650 | _aWAGES--ACCOUNTING--COMPUTER PROGRAMS | ||
| 650 | _aWAGES--ACCOUNTING | ||
| 650 | _aPAYROLLS--COMPUTER PROGRAMS | ||
| 650 | _aPAYROLLS--DATA PROCESSING | ||
| 650 | _aACCOUNTING--DATA PROCESSING | ||
| 700 | _aToland, Judith A | ||
| 995 |
_D167.22 _FCBU-MAIN LIBRARY (Kitwe) _M1 _UAVAILABLE _WAug 28, 2020 _ZMain Library Open Access Collection |
||
| 999 |
_c53235 _d53235 |
||